Engineering Mathematics (Record no. 595455)

000 -LEADER
fixed length control field 00332nam a22001337a 4500
020 ## - INTERNATIONAL STANDARD BOOK NUMBER
International Standard Book Number 0333932161
040 ## - CATALOGING SOURCE
Transcribing agency NUST
082 ## - DEWEY DECIMAL CLASSIFICATION NUMBER
Classification number 510.2462 GUP
100 ## - MAIN ENTRY--PERSONAL NAME
Personal name Gupta, A.K
9 (RLIN) 82851
245 ## - TITLE STATEMENT
Title Engineering Mathematics
260 ## - PUBLICATION, DISTRIBUTION, ETC.
Place of publication, distribution, etc. New Delhi:
Name of publisher, distributor, etc. Macmillan India Limited,
Date of publication, distribution, etc. 1992.
650 ## - SUBJECT ADDED ENTRY--TOPICAL TERM
Topical term or geographic name entry element Engineering Mathematics
942 ## - ADDED ENTRY ELEMENTS (KOHA)
Source of classification or shelving scheme
Koha item type Book
Holdings
Withdrawn status Lost status Source of classification or shelving scheme Damaged status Not for loan Permanent Location Current Location Shelving location Date acquired Full call number Barcode Date last seen Price effective from Koha item type Public note
          College of Electrical & Mechanical Engineering (CEME) College of Electrical & Mechanical Engineering (CEME) General Stacks 08/09/2023 510.2462 GUP CEME-41727 08/09/2023 08/09/2023 Book 3.6
© 2023 Central Library, National University of Sciences and Technology. All Rights Reserved.